Bharat's valuation of immovable properties under direct taxes / (Record no. 67151)

MARC details
000 -LEADER
fixed length control field 00449nam a22001457a 4500
005 - DATE AND TIME OF LATEST TRANSACTION
control field 20170828105119.0
020 ## - INTERNATIONAL STANDARD BOOK NUMBER
International Standard Book Number 8177370200
Terms of availability 200.00
035 ## - SYSTEM CONTROL NUMBER
System control number B-055363
037 ## - SOURCE OF ACQUISITION
Stock number DPL
Source of stock number/acquisition ENG
100 ## - MAIN ENTRY--PERSONAL NAME
Personal name Gupta, Girish Chand
245 ## - TITLE STATEMENT
Title Bharat's valuation of immovable properties under direct taxes /
Statement of responsibility, etc by Girish Chand Gupta
260 ## - PUBLICATION, DISTRIBUTION, ETC. (IMPRINT)
Place of publication, distribution, etc New Delhi
Name of publisher, distributor, etc Bharat Law House
Date of publication, distribution, etc 2000
300 ## - PHYSICAL DESCRIPTION
Extent 294p.
Dimensions 20 cms.
942 ## - ADDED ENTRY ELEMENTS (KOHA)
Source of classification or shelving scheme Dewey Decimal Classification
Item type English Books
Classification part 343.5404
Call number suffix GUP
Holdings
Withdrawn status Lost status Not for loan Collection code Home library Current library Date acquired Cost, normal purchase price Full call number Barcode Cost, replacement price Koha item type
      Non-fiction Sarojini Nagar Sarojini Nagar 25/05/2012 200.00 343.5404 GUP B-055363 200.00 English Books

© Delhi Public Library
Hit Counter
free hit counter